Sedentary games of India/ (Record no. 165285)

MARC details
000 -LEADER
fixed length control field 00625nam a22002057a 4500
005 - DATE AND TIME OF LATEST TRANSACTION
control field 20190613121707.0
010 ## - LCCN (DPL NO)
LC control number ENG-125568
020 ## - INTERNATIONAL STANDARD BOOK NUMBER
International Standard Book Number 9789381574904
Terms of availability 700.00
035 ## - SYSTEM CONTROL NUMBER
System control number EN-109100
037 ## - SOURCE OF ACQUISITION
Source of stock number/acquisition DBAD/PUB
082 ## - DEWEY DECIMAL CLASSIFICATION NUMBER
Classification number 796.0954
245 ## - TITLE STATEMENT
Title Sedentary games of India/
Statement of responsibility, etc by Nirbed Ray [and] Amitabha Ghosh
260 ## - PUBLICATION, DISTRIBUTION, ETC. (IMPRINT)
Place of publication, distribution, etc Kolkata
Date of publication, distribution, etc 2019
Name of publisher, distributor, etc Satyabrata Chakrabarti
270 ## - ADDRESS
Address General Secretary the Asiatic Society 1 Park Street
City kolkata
Postal code 700016
300 ## - PHYSICAL DESCRIPTION
Extent 227p.
Dimensions 23cm(Hb)
500 ## - GENERAL NOTE
General note include index
700 ## - ADDED ENTRY--PERSONAL NAME
Personal name Nirbed Ray
700 ## - ADDED ENTRY--PERSONAL NAME
Personal name Amitabha Ghosh
942 ## - ADDED ENTRY ELEMENTS (KOHA)
Source of classification or shelving scheme Dewey Decimal Classification
Item type English Books
Classification part 796.0954
Call number suffix SED
Holdings
Withdrawn status Lost status Not for loan Collection code Home library Current library Date acquired Source of acquisition Cost, normal purchase price Full call number Barcode Copy number Cost, replacement price Koha item type
      Non-fiction Andrews Gunj Andrews Gunj 13/06/2019 DBAD/PUB 700.00 796.0954 SED EN-109100 1 700.00 English Books

© Delhi Public Library
Hit Counter
free hit counter